<?xml version="1.0" encoding="UTF-8"?><?xml-stylesheet type="text/xsl" href="static/style.xsl"?><OAI-PMH xmlns="http://www.openarchives.org/OAI/2.0/" xmlns:xsi="http://www.w3.org/2001/XMLSchema-instance" xsi:schemaLocation="http://www.openarchives.org/OAI/2.0/ http://www.openarchives.org/OAI/2.0/OAI-PMH.xsd"><responseDate>2026-04-18T04:04:18Z</responseDate><request verb="GetRecord" identifier="oai:www.recercat.cat:11351/7476" metadataPrefix="marc">https://recercat.cat/oai/request</request><GetRecord><record><header><identifier>oai:recercat.cat:11351/7476</identifier><datestamp>2025-10-24T10:24:46Z</datestamp><setSpec>com_2072_378070</setSpec><setSpec>com_2072_378040</setSpec><setSpec>col_2072_378092</setSpec></header><metadata><record xmlns="http://www.loc.gov/MARC21/slim" xmlns:dcterms="http://purl.org/dc/terms/" xmlns:xsi="http://www.w3.org/2001/XMLSchema-instance" xmlns:doc="http://www.lyncode.com/xoai" xsi:schemaLocation="http://www.loc.gov/MARC21/slim http://www.loc.gov/standards/marcxml/schema/MARC21slim.xsd">
   <leader>00925njm 22002777a 4500</leader>
   <datafield ind2=" " ind1=" " tag="042">
      <subfield code="a">dc</subfield>
   </datafield>
   <datafield ind2=" " ind1=" " tag="720">
      <subfield code="a">Silgado Gimenez, Aroa</subfield>
      <subfield code="e">author</subfield>
   </datafield>
   <datafield ind2=" " ind1=" " tag="720">
      <subfield code="a">Gual-Gonzalez, Lídia</subfield>
      <subfield code="e">author</subfield>
   </datafield>
   <datafield ind2=" " ind1=" " tag="720">
      <subfield code="a">Sánchez Montalvá, Adrián</subfield>
      <subfield code="e">author</subfield>
   </datafield>
   <datafield ind2=" " ind1=" " tag="720">
      <subfield code="a">Oliveira Souto, Ines Mercedes</subfield>
      <subfield code="e">author</subfield>
   </datafield>
   <datafield ind2=" " ind1=" " tag="720">
      <subfield code="a">Goterris Bonet, Lidia</subfield>
      <subfield code="e">author</subfield>
   </datafield>
   <datafield ind2=" " ind1=" " tag="720">
      <subfield code="a">Serre Delcor, Nuria</subfield>
      <subfield code="e">author</subfield>
   </datafield>
   <datafield ind2=" " ind1=" " tag="720">
      <subfield code="a">Esperalba Esquerra, Juliana</subfield>
      <subfield code="e">author</subfield>
   </datafield>
   <datafield ind2=" " ind1=" " tag="720">
      <subfield code="a">Fernandez Naval, Candela</subfield>
      <subfield code="e">author</subfield>
   </datafield>
   <datafield ind2=" " ind1=" " tag="720">
      <subfield code="a">Pumarola Suñé, Tomàs</subfield>
      <subfield code="e">author</subfield>
   </datafield>
   <datafield ind2=" " ind1=" " tag="720">
      <subfield code="a">Sulleiro Igual, Elena</subfield>
      <subfield code="e">author</subfield>
   </datafield>
   <datafield ind2=" " ind1=" " tag="720">
      <subfield code="a">Gómez i Prat, Jordi</subfield>
      <subfield code="e">author</subfield>
   </datafield>
   <datafield ind2=" " ind1=" " tag="720">
      <subfield code="a">Molina Romero, Israel</subfield>
      <subfield code="e">author</subfield>
   </datafield>
   <datafield ind2=" " ind1=" " tag="260">
      <subfield code="c">2022-05-04T10:34:10Z</subfield>
   </datafield>
   <datafield ind2=" " ind1=" " tag="260">
      <subfield code="c">2022-05-04T10:34:10Z</subfield>
   </datafield>
   <datafield ind2=" " ind1=" " tag="260">
      <subfield code="c">2021-09-15</subfield>
   </datafield>
   <datafield ind2=" " ind1=" " tag="520">
      <subfield code="a">Trypanosoma cruzi; Mancha de sangre seca (DBS); Cribado serológico</subfield>
   </datafield>
   <datafield ind2=" " ind1=" " tag="520">
      <subfield code="a">Trypanosoma cruzi; Taca de sang seca (DBS); Cribratge serològic</subfield>
   </datafield>
   <datafield ind2=" " ind1=" " tag="520">
      <subfield code="a">Trypanosoma cruzi; Dried blood spot (DBS); Serological screening</subfield>
   </datafield>
   <datafield ind2=" " ind1=" " tag="520">
      <subfield code="a">Background: Chagas disease is a public health problem not only in Latin America, but also in other regions, including Spain, due to migration movements. Conventional serological diagnosis requires an invasive sample (plasma or serum) and a well-equipped laboratory. To circumvent those limitations, blood samples dried on filter paper (DBS) or Rapid Diagnostic Test (RDT) could be a practical alternative to reference protocol for serological screening in epidemiological studies. We evaluated the usefulness of dried blood sampling and a rapid diagnostic test (Trypanosoma Detect™) for the detection of antibodies against T. cruzi for their use in community-based screening.&#xd;
Methodology/Principal Findings: A total of 162 stored paired whole-blood and serum samples from Latin American migrants and 25 negative-control blood samples were included. Diagnosis of chronic Chagas disease was performed in serum according to WHO algorithms. Blood samples were retrospectively collected as dried spots and then analyzed using two different serological techniques, enzyme-linked immunosorbent assay (ELISA) and electrochemiluminescence immunoassay (E-CLIA). Whole-blood samples were also used to evaluate a rapid diagnostic test based on immunochromatography. A better correlation with conventional serum was observed in dried blood elutes using E-CLIA than ELISA (97% vs. 77% sensitivity, respectively). Both assays reported 100% specificity. The median cut-off index values of E-CLIA for dried blood were significantly lower than those for serum (138.1 vs. 243.3, P&lt;0.05). The Trypanosoma Detect™ test presented a sensitivity and specificity of 89.6% and 100%, respectively.&#xd;
Conclusions: The detection of antibodies against T. cruzi in dried blood samples shows a higher sensitivity when using E-CLIA compared with ELISA. Trypanosoma Detect™ is easier to use but has a lower sensitivity. Hence, we propose a sequential strategy based on performing the rapid test first, and a negative result will be confirmed by DBS-ECLIA for use in community Chagas disease screening programs.</subfield>
   </datafield>
   <datafield ind2=" " ind1=" " tag="520">
      <subfield code="a">This work has been supported by the Fundació la Marató TV3 (project number 20182610).</subfield>
   </datafield>
   <datafield ind1="8" ind2=" " tag="024">
      <subfield code="a">http://hdl.handle.net/11351/7476</subfield>
   </datafield>
   <datafield tag="653" ind2=" " ind1=" ">
      <subfield code="a">Chagas, Malaltia de - Diagnòstic</subfield>
   </datafield>
   <datafield tag="653" ind2=" " ind1=" ">
      <subfield code="a">Sang - Anàlisi</subfield>
   </datafield>
   <datafield tag="653" ind2=" " ind1=" ">
      <subfield code="a">Serodiagnòstic</subfield>
   </datafield>
   <datafield tag="653" ind2=" " ind1=" ">
      <subfield code="a">DISEASES::Parasitic Diseases::Protozoan Infections::Euglenozoa Infections::Trypanosomiasis::Chagas Disease</subfield>
   </datafield>
   <datafield tag="653" ind2=" " ind1=" ">
      <subfield code="a">Other subheadings::Other subheadings::/diagnosis</subfield>
   </datafield>
   <datafield tag="653" ind2=" " ind1=" ">
      <subfield code="a">ANALYTICAL, DIAGNOSTIC AND THERAPEUTIC TECHNIQUES, AND EQUIPMENT::Diagnosis::Diagnostic Techniques and Procedures::Diagnostic Tests, Routine</subfield>
   </datafield>
   <datafield tag="653" ind2=" " ind1=" ">
      <subfield code="a">ANALYTICAL, DIAGNOSTIC AND THERAPEUTIC TECHNIQUES, AND EQUIPMENT::Diagnosis::Diagnostic Techniques and Procedures::Clinical Laboratory Techniques::Clinical Chemistry Tests::Blood Chemical Analysis::Dried Blood Spot Testing</subfield>
   </datafield>
   <datafield tag="653" ind2=" " ind1=" ">
      <subfield code="a">ENFERMEDADES::enfermedades parasitarias::infecciones por protozoos::infecciones por Euglenozoa::tripanosomiasis::enfermedad de Chagas</subfield>
   </datafield>
   <datafield tag="653" ind2=" " ind1=" ">
      <subfield code="a">Otros calificadores::Otros calificadores::/diagnóstico</subfield>
   </datafield>
   <datafield tag="653" ind2=" " ind1=" ">
      <subfield code="a">TÉCNICAS Y EQUIPOS ANALÍTICOS, DIAGNÓSTICOS Y TERAPÉUTICOS::diagnóstico::técnicas y procedimientos diagnósticos::pruebas diagnósticas rutinarias</subfield>
   </datafield>
   <datafield tag="653" ind2=" " ind1=" ">
      <subfield code="a">TÉCNICAS Y EQUIPOS ANALÍTICOS, DIAGNÓSTICOS Y TERAPÉUTICOS::diagnóstico::técnicas y procedimientos diagnósticos::técnicas de laboratorio clínico::pruebas de bioquímica clínica::análisis químico de la sangre::análisis de manchas de sangre seca</subfield>
   </datafield>
   <datafield ind2="0" ind1="0" tag="245">
      <subfield code="a">Analytical Evaluation of Dried Blood Spot and Rapid Diagnostic Test as a New Strategy for Serological Community Screening for Chronic Chagas Disease</subfield>
   </datafield>
</record></metadata></record></GetRecord></OAI-PMH>